=LDR 00000nam 2200000 4500 =001 INLIS000000000042788 =005 20131008015610 =008 ***********************************Ind** =035 ##$$0010-101300000000710 =041 ##$$a Ind =082 ##$$a 610.28 =090 ##$$a 610.28, Boy s =100 ##$$a Boy S. Sabarguna =245 ##$$a Sistem informasi pemeliharaan alat medis rumah sakit, Boy S.Sabarguna, Zulfachri =260 ##$$a Supardjo $b Usman =300 ##$$a Jakarta, SWagung Seto, 2007 =850 ##$$a NBPNMAT